Wideband beamforming : concepts and techniques (Record no. 11897)

000 -LEADER
fixed length control field 01124cam a2200313 a 4500
001 - CONTROL NUMBER
control field 16042541
005 - DATE AND TIME OF LATEST TRANSACTION
control field 20170105102350.0
008 - FIXED-LENGTH DATA ELEMENTS--GENERAL INFORMATION
fixed length control field 100106s2010 enka b 001 0 eng
010 ## - LIBRARY OF CONGRESS CONTROL NUMBER
LC control number 2009052109
020 ## - INTERNATIONAL STANDARD BOOK NUMBER
International Standard Book Number 9780470713921 (cloth)
040 ## - CATALOGING SOURCE
Original cataloging agency DLC
Transcribing agency DLC
Modifying agency DLC
050 00 - LIBRARY OF CONGRESS CALL NUMBER
Classification number TK7871.67.A33
Item number L58 2010
082 00 - DEWEY DECIMAL CLASSIFICATION NUMBER
Classification number 621.3822
Edition number 22
100 1# - MAIN ENTRY--PERSONAL NAME
Personal name Liu, Wei,
Dates associated with a name 1974-
245 10 - TITLE STATEMENT
Title Wideband beamforming : concepts and techniques
Remainder of title concepts and techniques
Statement of responsibility, etc. Wei Liu, Stephan Weiss.
260 ## - PUBLICATION, DISTRIBUTION, ETC.
Place of publication, distribution, etc. Chichester, West Sussex, U.K. :
Name of publisher, distributor, etc. Wiley,
Date of publication, distribution, etc. 2010.
300 ## - PHYSICAL DESCRIPTION
Extent xv, 286 p. :
Other physical details ill. ;
Dimensions 26 cm.
504 ## - BIBLIOGRAPHY, ETC. NOTE
Bibliography, etc. note Includes bibliographical references (p. 267-281) and index.
650 #0 - SUBJECT ADDED ENTRY--TOPICAL TERM
Topical term or geographic name entry element Beamforming.
650 #0 - SUBJECT ADDED ENTRY--TOPICAL TERM
Topical term or geographic name entry element Antenna radiation patterns.
650 #0 - SUBJECT ADDED ENTRY--TOPICAL TERM
Topical term or geographic name entry element Adaptive antennas.
650 #0 - SUBJECT ADDED ENTRY--TOPICAL TERM
Topical term or geographic name entry element Adaptive signal processing.
650 #0 - SUBJECT ADDED ENTRY--TOPICAL TERM
Topical term or geographic name entry element Adaptive filters.
650 #0 - SUBJECT ADDED ENTRY--TOPICAL TERM
Topical term or geographic name entry element Broadband communication systems.
700 1# - ADDED ENTRY--PERSONAL NAME
Personal name Weiss, Stephan,
Dates associated with a name 1968-
906 ## - LOCAL DATA ELEMENT F, LDF (RLIN)
a 7
b cbc
c orignew
d 1
e ecip
f 20
g y-gencatlg
942 ## - ADDED ENTRY ELEMENTS (KOHA)
Source of classification or shelving scheme
Koha item type Book
Holdings
Withdrawn status Lost status Damaged status Not for loan Collection code Permanent Location Current Location Shelving location Date acquired Source of acquisition Cost, normal purchase price Total Checkouts Full call number Barcode Date last seen Price effective from Koha item type
          Central Library (CL) Central Library (CL) General Stacks 06/01/2013 Progressive International Agencies 8977.02   621.3822 LIU SEECS012417 06/07/2013 06/07/2013 Book
© 2023 Central Library, National University of Sciences and Technology. All Rights Reserved.